| 000 | 01372 a2200205 4500 | ||
|---|---|---|---|
| 001 | 39537 | ||
| 005 | 20260407155653.0 | ||
| 008 | 260407a1973 arg spa d | ||
| 003 | AR-UNSa-BCEJYS | ||
| 040 |
_aAR-UNSa-BCEJYS _bspa _cAR-UNSa-BCEJYS |
||
| 080 |
_a658.012.32 _xFormas de organización, de gestión |
||
| 245 | 1 | 0 |
_aDesarrollo organizacional _pestrategías y modelos |
| 264 | 1 |
_aMéxico : _bCentro Regional de Ayuda Técnica _c1973 |
|
| 300 |
_a140 p. _c21 cm. |
||
| 505 | _aParte I: El que, por que y cómo del desarrollo organizacional: 1. El variable ambiente del cambio - 2. Desarrollo organizacional: cambio planificado del ambiente - 3. Estrategias, tácticas y actividades en el desarrollo organizacional - Parte II: Estrategias de trabajo en el desarrollo organizacional : 4. Un caso de cambio en la cultura de una organización - 5. Un caso de cambio en la manera como se realiza el trabajo - 7. Un caso de adaptación creativa a un nuevo ambiente - 8. Un caso de cambio de comunicaciones y patrones de influencias - 9. Situaciones de fracaso y éxito en esfuerzos de desarrollo organizacional - Parte III: Administración del cambio : 10. La administración del desarrollo organizacional - 11. El tema de la década del setenta. | ||
| 942 | _cBK | ||
| 590 | _aniveau_biblio:m niveau_hierar:0 | ||
| 100 | 1 | _aBeckhard, Richard | |
| 700 | 1 | _aLopera, Jaime | |
| 999 |
_c3065 _d3065 |
||